| 000 | 00719nam a2200241 i 4500 | ||
|---|---|---|---|
| 001 | bg | ||
| 100 | 1 | _aBRAZIL, David | |
| 245 | 1 | 0 |
_aPronunciation for advanced learners of English : _bteacher's book / _cDavid Brazil. |
| 250 | _a8th print. | ||
| 260 |
_aCambridge : _bCambridge University Press, _c2004. |
||
| 300 |
_a117 s. ; _c23 cm. |
||
| 650 | 9 |
_aJęzyk angielski _xwymowa |
|
| 650 | 9 |
_aJęzyk angielski _xwymowa _xnauczanie |
|
| 655 | _aĆwiczenia i zadania | ||
| 020 | _a052138799X | ||
| 040 | _cBPK | ||
| 041 | 0 | _aeng | |
| 080 | _a811.111'355(07) | ||
| 920 | _a0-521-38799-X | ||
| 942 | _cKS | ||
| 008 | s pl f |000 0 pol | ||
| 999 |
_c45758 _d45758 |
||